| 000 | 01110cam a2200301 a 4500 | ||
|---|---|---|---|
| 001 | 3031966 | ||
| 003 | OSt | ||
| 005 | 20170105101204.0 | ||
| 008 | 950215s1995 wiua b s001 0 eng | ||
| 010 | _a 95005697 | ||
| 020 | _a0299148408 | ||
| 020 | _a0299148440 (pbk.) | ||
| 040 |
_aDLC _cDLC _dDLC |
||
| 050 | 0 | 0 |
_aBF81 _b.R65 1995 |
| 082 | 0 | 0 |
_a150/.9 _220 |
| 100 | 1 |
_aRobinson, Daniel N., _d1937- |
|
| 245 | 1 | 3 |
_aAn intellectual history of psychology / _cDaniel N. Robinson. |
| 250 | _a3rd ed. | ||
| 260 |
_aMadison, Wis. : _bUniversity of Wisconsin Press, _cc1995. |
||
| 300 |
_aviii, 381 p. : _bill. ; _c24 cm. |
||
| 504 | _aIncludes bibliographical references and indexes. | ||
| 650 | 0 |
_aPsychology _xHistory. |
|
| 856 | 4 | 2 |
_3Contributor biographical information _uhttp://www.loc.gov/catdir/enhancements/fy0666/95005697-b.html |
| 856 | 4 | 2 |
_3Publisher description _uhttp://www.loc.gov/catdir/enhancements/fy0666/95005697-d.html |
| 906 |
_a7 _bcbc _corignew _d1 _eocip _f19 _gy-gencatlg |
||
| 942 |
_2ddc _cBK |
||
| 999 |
_c2917 _d2917 |
||